000 01351nam a22002417a 4500
999 _c57187
_d57187
003 Ge_BSU
005 20191226150730.0
008 191224s2019 ge ||||| |||| 00| 0 geo d
020 _a9789941810220
041 _ageo
080 _a179+343.621 ს-15
100 _aსადრაძე, თამარ.
_95949
245 _aევთანაზია და ფეტუსის სისხლისსამართლებრივი დაცვის პრობლემები :
_b[მონოგრაფია] /
_cთამარ სადრაძე ; რედ. ნონა თოდუა.
264 _aთბილისი,
_c2019.
300 _a432 გვ. ;
_c24 სმ.
504 _aბიბლიოგრაფია ტექსტის შენიშვნებში და გვ. 420-431.
653 _aევთანაზია
653 _aემბრიონის უფლებები
653 _aსამართალი
700 _aთოდუა, ნონა
_eრედაქტორი
_95363
710 _eივანე ჯავახიშვილის სახელობის თბილისის სახელმწიფო უნივერსიტეტი, იურიდიული ფაკულტეტი.
_95950
942 _2udc
_cBK